000 00597nam a2200193Ia 4500
008 240729s9999 xx 000 0 und d
022 _a2300-5599
245 0 _aActa Innovations
260 _aPoland
260 _bResearch and Innovation Centre Pro-Akademia
650 _a Industries. Land use. Labor
650 _a Management. Industrial management
650 _a Technological innovations. Automation
650 _a Technology (General) | Social Sciences
650 _aTechnology
856 _uhttps://doaj.org/toc/ec292add39bd45f8b8dd21dc0dcd35e8
942 _2ddc
942 _cDOAJEJ
999 _c71082
_d71082
945 _a1
_bMadushi Gamage
_c1
_dMadushi Gamage